ORGANIC CHEMISTRY-VOL-1 (Record no. 7497)

MARC details
000 -LEADER
fixed length control field 00425nam a22001817a 4500
005 - DATE AND TIME OF LATEST TRANSACTION
control field 20230112111807.0
008 - FIXED-LENGTH DATA ELEMENTS--GENERAL INFORMATION
fixed length control field 210301b ||||| |||| 00| 0 eng d
020 ## - INTERNATIONAL STANDARD BOOK NUMBER
ISBN 9788177585421
041 ## - LANGUAGE CODE
Language code of text/sound track or separate title eng
082 ## - DEWEY DECIMAL CLASSIFICATION NUMBER
Classification number 547 FIN O
100 ## - MAIN ENTRY--AUTHOR NAME
Personal name FINER, I L
245 ## - TITLE STATEMENT
Title ORGANIC CHEMISTRY-VOL-1
250 ## - EDITION STATEMENT
Edition statement 6'TH
260 ## - PUBLICATION, DISTRIBUTION, ETC. (IMPRINT)
Place of publication INDIA
Name of publisher PEASON
Year of publication 2021
300 ## - PHYSICAL DESCRIPTION
Number of Pages 965,p.
650 ## - SUBJECT ADDED ENTRY--TOPICAL TERM
Topical Term PHARMACY
General subdivision B.PHARMA
942 ## - ADDED ENTRY ELEMENTS (KOHA)
Koha item type Books
Holdings
Lost status Damaged status Collection code Home library Current library Shelving location Date acquired Source of acquisition Cost, normal purchase price Full call number Accession Number Koha item type Serial Enumeration / chronology
    Reference JRU Library JRU Library SHELF-5-B 01/03/2021 UNNATI PUBLICATION PURCHASE 1908-/17-02-2021 1079.00 547 FIN O 25713 Books  
    PHARMACY JRU Library JRU Library SHELF-17-C 01/03/2021 PURCHASE 1079.00 547 FIN O 25714 Books  
    PHARMACY JRU Library JRU Library SHELF-17-C 01/03/2021 PURCHASE 1079.00 547 FIN O 25715 Books  
    PHARMACY JRU Library JRU Library SHELF-17-C 08/02/2022 PURCHES 1079.00 547 25956 Books PEARSON
    PHARMACY JRU Library JRU Library SHELF-17-C 08/02/2022 PURCHES 1079.00 547 FIN O 25957 Books